Istoriko-matematičeskoje issledivanije. Vyp. 26

Gespeichert in:
Bibliographische Detailangaben
Format: Buch
Sprache:Russisch
Veröffentlicht: Moskva : Nauka, 1982
Tags: Tag hinzufügen
Keine Tags, Fügen Sie das erste Tag hinzu!

MARC

LEADER 00000nam a22000003a 4500
001 stu95065
005 20141122105137.3
008 050718s1982------------------------rus-d
040 |a STU  |b slo 
041 0 |a rus 
080 |a 510(091) 
245 |a Istoriko-matematičeskoje issledivanije. Vyp. 26 
260 |a Moskva :  |b Nauka,  |c 1982 
300 |a 336 s 
996 |b E54151  |c E*54151  |l EE03  |s P  |a 0  |w stu95065_0001